| Tag |
First Indicator |
Second Indicator |
Subfields |
| LEADER |
00000cam a2200000 a 4500 |
| 001 |
in00000070549 |
| 005 |
20151008061812.0 |
| 008 |
810901s1981 oncc b 00011 fre |
| 010 |
|
|
|a 81128335
|
| 015 |
|
|
|a C***
|
| 020 |
|
|
|a 2760342565 :
|c $12.00
|
| 035 |
|
|
|a (OCoLC)07796529
|
| 035 |
|
|
|9 AAJ8857AM
|
| 039 |
0 |
|
|a 2
|b 3
|c 3
|d 3
|e 3
|
| 040 |
|
|
|a DLC
|c DLC
|d TXA
|d UtOrBLW
|
| 049 |
|
|
|a TXAM
|c [1195618]
|
| 050 |
0 |
0 |
|a PQ2407
|b .M4 1981
|
| 082 |
0 |
|
|a 843/.7
|2 19
|
| 100 |
1 |
|
|a Sand, George,
|d 1804-1876.
|
| 245 |
1 |
0 |
|a Mademoiselle Merquem /
|c George Sand ; texte etabli, presente et annote, avec le releve integral des variantes par Raymond Rheault.
|
| 264 |
|
1 |
|a Ottawa, Canada :
|b Editions de l'Universite d'Ottawa,
|c 1981.
|
| 300 |
|
|
|a 560 pages :
|b portrait ;
|c 23 cm.
|
| 336 |
|
|
|a text
|b txt
|2 rdacontent
|
| 337 |
|
|
|a unmediated
|b n
|2 rdamedia
|
| 338 |
|
|
|a volume
|b nc
|2 rdacarrier
|
| 504 |
|
|
|a Bibliography: pages [545]-557.
|
| 700 |
1 |
|
|a Rheault, Raymond.
|
| 999 |
|
|
|a MARS
|
| 999 |
f |
f |
|s 28f65635-163a-3b14-9351-6e00772752a0
|i 9a640038-71fb-3769-8ae4-441e45885e5c
|t 0
|
| 952 |
f |
f |
|p normal
|a Texas A&M University
|b College Station
|c Sterling C. Evans Library
|d Evans: Library Stacks
|t 0
|e PQ2407 .M4 1981
|h Library of Congress classification
|i unmediated -- volume
|m A14806180685
|
| 998 |
f |
f |
|a PQ2407 .M4 1981
|t 0
|l Evans: Library Stacks
|